000 00905nam a2200217 i 4500
001 189650
003 ES-MaACL
005 20260212172158.0
008 190828s1961 sp |||| | spa d
245 0 0 _aEnfermedades del aparato respiratorio, mediastino y aparato locomotor /
_cpor Agustín Pedro-Pons ... [et al.].
250 _a2ª ed.
260 _aBarcelona :
_bSalvat,
_c1961.
300 _aXV, 1265 p. :
_bil. col. y n. ;
_c26 cm.
490 1 _aTratado de patología y clínica médicas / dirigido por el profesor Agustín Pedro-Pons ;
_v3
650 4 _aAparato respiratorio-
_xEnfermedades.
_9135585
650 4 _aAparato locomotor-
_xEnfermedades.
_9146939
700 1 _aPedro Pons, A.,
_d1898-1971
_989929
830 0 _aTratado de patología y clínica médicas / dirigido por el profesor Agustín Pedro-Pons
_v3
_9193351
852 _aES-MaACL
_jP-726-2
999 _c189650
_d189650